Estadísticas para Provincias de los Países Bajos

Haz click aquí para intentar la prueba.

Estadísticas generales

  • Esta prueba ha sido intentada 1.106 veces
  • La puntuación promedio es 6 de 12

Respuestas en el mapa

Las respuestas están codificadas por una escala verde-roja en el mapa de la prueba según el % correcto abajo.
 

Estadísticas de respuestas

Provincia% Correcto
Holanda Meridional
73%
Holanda Septentrional
72%
Zelanda
67%
Frisia
64%
Utrecht
63%
Limburgo
52%
Groninga
51%
Drente
40%
Güeldres
39%
Brabante Septentrional
38%
Overijssel
37%
Flevolanda
32%

Distribución de puntuación

Porcentaje por número respondido

Porcentaje de gente con cada puntuación

Historial de tus puntuaciones

No has intentado esta prueba.